مضر ا ب نقد (Record no. 164020)

MARC details
000 -LEADER
fixed length control field 00668nam a22001937a 4500
005 - DATE AND TIME OF LATEST TRANSACTION
control field 20190508154755.0
010 ## - LCCN (DPL NO)
LC control number UR-10079
020 ## - INTERNATIONAL STANDARD BOOK NUMBER
Terms of availability 350.00
International Standard Book Number -
035 ## - SYSTEM CONTROL NUMBER
System control number U-8634
037 ## - SOURCE OF ACQUISITION
Source of stock number/acquisition DBAD/PUB
082 ## - DEWEY DECIMAL CLASSIFICATION NUMBER
Classification number 840.08
100 ## - MAIN ENTRY--PERSONAL NAME
Personal name ا نصا ر ی سر ا ج ا حمد
245 ## - TITLE STATEMENT
Title مضر ا ب نقد
Statement of responsibility, etc ا نصا ر ی سر ا ج ا حمد
246 ## - VARYING FORM OF TITLE
Remainder of title Mazrab-e-Naqd (Urdu)
Title proper/short title by Dr. Seraj Ahmed Ansari
260 ## - PUBLICATION, DISTRIBUTION, ETC. (IMPRINT)
Place of publication, distribution, etc Delhi
Name of publisher, distributor, etc Educational Publishing House
Date of publication, distribution, etc 2018 ء
270 ## - ADDRESS
Address 3191،Vakil Street,Kucha Pandit,Lal Kuan,
City Delhi
Postal code 110006
Telephone number 23216162
Fax number 00911123211540
300 ## - PHYSICAL DESCRIPTION
Extent 207ص
Dimensions 22 Cm.(bk)
942 ## - ADDED ENTRY ELEMENTS (KOHA)
Source of classification or shelving scheme Dewey Decimal Classification
Item type Urdu Bks
Classification part 840.08
Call number suffix ا ن ص
Holdings
Withdrawn status Lost status Not for loan Collection code Home library Current library Date acquired Source of acquisition Cost, normal purchase price Full call number Barcode Copy number Cost, replacement price Koha item type
    Not For Loan Non-fiction D.B.Act.Division D.B.Act.Division 08/05/2019 DBAD/PUB 350.00 840.08 ا ن ص U-8634 1 350.00 Urdu Bks

© Delhi Public Library
Hit Counter
free hit counter